Un chavo bien helado : crónicas de los años ochenta /

Wedi'i Gadw mewn:
Manylion Llyfryddiaeth
Prif Awdur: Blanco, José Joaquín, 1951-
Fformat: Anhysbys
Iaith:Spanish
Cyhoeddwyd: México, D.F. : Ediciones Era, 1991.
Rhifyn:1 edición
Pynciau:
Tagiau: Ychwanegu Tag
Dim Tagiau, Byddwch y cyntaf i dagio'r cofnod hwn!

MARC

LEADER 000000000a22000000004500
001 011387
020 |a 9684113064 
041 0 |a spa 
082 0 4 |a 864   |b B638ch 
100 1 |a Blanco, José Joaquín,   |d 1951- 
245 1 3 |a Un chavo bien helado :   |b crónicas de los años ochenta /   |c José Joaquín Blanco. 
250 |a 1 edición 
260 1 |a México, D.F. :   |b Ediciones Era,   |c 1991. 
300 |a 236 páginas 
500 |a Colección George Yúdice 
650 4 |a BLANCO, JOSE JOAQUIN, 1951- 
999 |c 16680  |d 16680 
942 |c BK  |h 864 B638ch  |2 z